<?xml version="1.0" encoding="UTF-8"?><?xml-stylesheet type="text/xsl" href="static/style.xsl"?><OAI-PMH xmlns="http://www.openarchives.org/OAI/2.0/" xmlns:xsi="http://www.w3.org/2001/XMLSchema-instance" xsi:schemaLocation="http://www.openarchives.org/OAI/2.0/ http://www.openarchives.org/OAI/2.0/OAI-PMH.xsd"><responseDate>2026-04-18T02:12:16Z</responseDate><request verb="GetRecord" identifier="oai:riubu.ubu.es:10259/11447" metadataPrefix="marc">https://riubu.ubu.es/oai/request</request><GetRecord><record><header><identifier>oai:riubu.ubu.es:10259/11447</identifier><datestamp>2026-02-27T01:05:51Z</datestamp><setSpec>com_10259_4219</setSpec><setSpec>com_10259_5086</setSpec><setSpec>com_10259_2604</setSpec><setSpec>com_10259.4_2498</setSpec><setSpec>col_10259_4220</setSpec><setSpec>col_10259.4_2499</setSpec></header><metadata><record xmlns="http://www.loc.gov/MARC21/slim" xmlns:doc="http://www.lyncode.com/xoai" xmlns:xsi="http://www.w3.org/2001/XMLSchema-instance" xmlns:dcterms="http://purl.org/dc/terms/" xsi:schemaLocation="http://www.loc.gov/MARC21/slim http://www.loc.gov/standards/marcxml/schema/MARC21slim.xsd">
<leader>00925njm 22002777a 4500</leader>
<datafield tag="042" ind1=" " ind2=" ">
<subfield code="a">dc</subfield>
</datafield>
<datafield tag="720" ind1=" " ind2=" ">
<subfield code="a">Bustillo Iglesias, Andrés</subfield>
<subfield code="e">author</subfield>
</datafield>
<datafield tag="720" ind1=" " ind2=" ">
<subfield code="a">Alaguero Rodríguez, Mario</subfield>
<subfield code="e">author</subfield>
</datafield>
<datafield tag="720" ind1=" " ind2=" ">
<subfield code="a">Miguel Alonso, Inés</subfield>
<subfield code="e">author</subfield>
</datafield>
<datafield tag="720" ind1=" " ind2=" ">
<subfield code="a">Sáiz Diez, José Manuel</subfield>
<subfield code="e">author</subfield>
</datafield>
<datafield tag="720" ind1=" " ind2=" ">
<subfield code="a">Iglesias Rouco, Lena Saladina</subfield>
<subfield code="e">author</subfield>
</datafield>
<datafield tag="260" ind1=" " ind2=" ">
<subfield code="c">2015-11</subfield>
</datafield>
<datafield tag="520" ind1=" " ind2=" ">
<subfield code="a">The virtual visualization of historical objects opens the door to a variety of new teaching applications in the classroom. In this study, we present a flexible platform for the creation of semi-immersive 3D environments. First, we describe the software and hardware tools that generate the 3D models and the Virtual Reality Environments. We then present an optimized design methodology, adapted to the generation of light 3D models of sufficient visual quality for teaching purposes. The most suitable option for such purposes proved to be CAD tools coupled with extensive use of image textures on low-resolution 3D meshes. Finally, we report an ad-hoc teaching method to test the platform during a short teaching session on Cultural Heritage and Computer Graphics for high-school and undergraduate students. The evaluation of their experiences, based on post-session surveys, points to the effectiveness of this approach to communicate different types of knowledge and to stimulate student learning.</subfield>
</datafield>
<datafield tag="024" ind2=" " ind1="8">
<subfield code="a">2212-0548</subfield>
</datafield>
<datafield tag="024" ind2=" " ind1="8">
<subfield code="a">https://hdl.handle.net/10259/11447</subfield>
</datafield>
<datafield tag="024" ind2=" " ind1="8">
<subfield code="a">10.1016/j.daach.2015.11.002</subfield>
</datafield>
<datafield ind1=" " ind2=" " tag="653">
<subfield code="a">Virtual reality</subfield>
</datafield>
<datafield ind1=" " ind2=" " tag="653">
<subfield code="a">3D modelling</subfield>
</datafield>
<datafield ind1=" " ind2=" " tag="653">
<subfield code="a">Teaching</subfield>
</datafield>
<datafield ind1=" " ind2=" " tag="653">
<subfield code="a">Cultural Heritage</subfield>
</datafield>
<datafield tag="245" ind1="0" ind2="0">
<subfield code="a">A flexible platform for the creation of 3D semi-immersive environments to teach Cultural Heritage</subfield>
</datafield>
</record></metadata></record></GetRecord></OAI-PMH>